| 000 | 00769nam a2200241 a 4500 | ||
|---|---|---|---|
| 001 | BRL_1109 | ||
| 005 | 20190320211034.0 | ||
| 008 | 121113s1960----mx-o######---#000-0#spa-# | ||
| 041 | _aspa | ||
| 044 | _amx | ||
| 050 | 4 |
_aGT2714 _b.R36 1960 |
|
| 100 | 1 |
_aRamírez Flores, José _925815 |
|
| 245 | 1 | 0 |
_aMatrimonio _bIndígenas de Zacoalco _cJosé Ramírez Flores ; fotografías: Héctor Torres. |
| 260 |
_aGuadalajara, Jal. _bPlaneación y Promoción _c1960 |
||
| 300 |
_a61 p. _bil., 17 láminas _c18 cm. |
||
| 440 | 0 |
_aJalisco en el Arte _v11 _925816 |
|
| 500 | _aAu1290 | ||
| 500 | _aTexto en: español e inglés | ||
| 650 | 1 | 4 |
_aRitos matrimoniales _zZacoalco de Torres (Jalisco) _925817 |
| 700 | 1 |
_aTorres, Héctor _eil. _925818 |
|
| 902 | _aGRL | ||
| 942 |
_2lcc _cB |
||
| 999 |
_c9921 _d9921 |
||